Development of First-Graders’ Word Reading Skills For Whom Can Dynamic Assessment Tell Us More? (Record no. 315664)
[ view plain ]
| 000 -LEADER | |
|---|---|
| fixed length control field | 00528nam a2200145Ia 4500 |
| 008 - FIXED-LENGTH DATA ELEMENTS--GENERAL INFORMATION | |
| fixed length control field | 170224s9999 xx 000 0 und d |
| 100 ## - MAIN ENTRY--PERSONAL NAME | |
| Personal name | Eunsoo Cho |
| 245 ## - TITLE STATEMENT | |
| Title | Development of First-Graders’ Word Reading Skills For Whom Can Dynamic Assessment Tell Us More? |
| 245 ## - TITLE STATEMENT | |
| Statement of responsibility, etc | Eunsoo Cho, Donald L. Compton, Jennifer K. Gilbert, Laura M. Steacy, Alyson A. Collins, Esther R. Lindström |
| 260 ## - PUBLICATION, DISTRIBUTION, ETC. (IMPRINT) | |
| Name of publisher, distributor, etc | Journal of Learning Disabilities |
| 260 ## - PUBLICATION, DISTRIBUTION, ETC. (IMPRINT) | |
| Date of publication, distribution, etc | 2017 |
| 300 ## - PHYSICAL DESCRIPTION | |
| Extent | 50:1 |
| 650 ## - SUBJECT ADDED ENTRY--TOPICAL TERM | |
| General subdivision | Education |
| 650 ## - SUBJECT ADDED ENTRY--TOPICAL TERM | |
| General subdivision | Special Education |
| Withdrawn status | Lost status | Damaged status | Home library | Current library | Date acquired | Total Checkouts | Date last seen | Price effective from | Koha item type |
|---|---|---|---|---|---|---|---|---|---|
| College Library | College Library | 02/24/2017 | 02/24/2017 | 02/24/2017 | Periodicals |